000 00346pam a2200157a 44500
008 230515b1986 xxu||||| |||| 00| 0 eng d
020 _aNULL
041 _aENGLISH
082 _aN.D.
100 _aSchaums Series
245 _aProgramming With Pascal
250 _a0
260 _aNULL
_bMcgraw Hill
_c1986
300 _a407
650 _aNULL
999 _c570698
_d570698